Amusement Parks by Amount of Roller Coasters - Statistics

General Stats
  • This quiz has been taken 912 times
  • The average score is 8 of 12
Answer Stats
Date Opened Location Amount of Coasters Roller Coasters % Correct
1870 United States 17 Cedar Point
95%
1971 United States 19 Six Flags Magic Mountain
90%
1981 Canada 16 Canada's Wonderland
84%
1972 United States 15 Kings Island
70%
1974 United States 13 Six Flags Great Adventure
70%
1976 United States 14 Six Flags Great America
64%
1975 United States 13 Kings Dominion
58%
1961 United States 13 Six Flags Over Texas
57%
1975 Germany 13 Europa-Park
56%
1973 United States 13 Carowinds
55%
1906 United States 13 Hersheypark
44%
2019 Turkey 17 Ankapark
13%
No matching quizzes found
Score Distribution
Percent of People with Each Score
Percentile by Number Answered
Your Score History
You have not taken this quiz